| 000 | 00529nam a22001817a 4500 | ||
|---|---|---|---|
| 005 | 20180726170245.0 | ||
| 010 | _aENG-123545 | ||
| 020 |
_a9789381626108 _c195.00 |
||
| 035 | _aEN-107077 | ||
| 037 | _bDBAD/PUB | ||
| 082 | _a915.4 | ||
| 100 | _aMehta, Rishad Saam | ||
| 245 |
_aHot tea across india / _cby Rishad Saam Mehta |
||
| 260 |
_aNew Delhi _bTranquebar Press _c2011 |
||
| 270 |
_a4322/3, Ansari Road, Daryaganj, _bNew Delhi _e110002 |
||
| 300 |
_a191p. _c20cm. (pbk) |
||
| 942 |
_2ddc _cEN _h915.4 _mMEH |
||
| 999 |
_c154869 _d154869 |
||